000 00690nam a22002297a 4500
003 UA-OsUOA
001 64945
007 ta
008 20091111b un ||||| |||| 00| 0 ukr d
100 _aАхвердова М.
700 _aЧуакова Н.
090 _a02
_bА95
942 _cSA
040 _aUA-OsUOA
_bukr
_cUA-OsUOA
_dUA-OsUOA
245 _aУніверсальна десяткова класифікація. Підготовка другого видання
300 _aС.17-22
955 _a0
041 _aukr
080 _a02
773 0 _w64944
_tВісник книжкової палати
_dК.
_d2009
_g9
650 7 _a02 Бібліотечна справа
_2UDC
999 _c351046
_d351046